| 000 | 00570nam a2200205 i 4500 | ||
|---|---|---|---|
| 001 | 115511 | ||
| 003 | ES-MaACL | ||
| 007 | t| | ||
| 008 | 070314s1915 ag ||||1| spa d | ||
| 080 | _a860(82)-23"18" | ||
| 100 | 1 |
_aVarela, Juan Cruz. _9113139 |
|
| 245 | 1 | 0 |
_aTragedias / _cde J.C. Varela. |
| 260 |
_aBuenos Aires : _bLibrerÃa "La Facultad", _c1915. |
||
| 300 |
_a287 p. ; _c19 cm. |
||
| 490 | 1 |
_aBiblioteca argentina ; _v6 |
|
| 500 | _aFoto del autor. | ||
| 830 | 0 |
_aBiblioteca argentina ; _v6 _9186252 |
|
| 852 |
_aES-MaACL _jG-1060 |
||
| 999 |
_c115511 _d115511 |
||